| 000 -LEADER |
| fixed length control field |
00378nam a2200145Ia 4500 |
| 003 - CONTROL NUMBER IDENTIFIER |
| control field |
OSt |
| 005 - DATE AND TIME OF LATEST TRANSACTION |
| control field |
20220303105213.0 |
| 008 - FIXED-LENGTH DATA ELEMENTS--GENERAL INFORMATION |
| fixed length control field |
220112s9999||||xx |||||||||||||| ||und|| |
| 020 ## - INTERNATIONAL STANDARD BOOK NUMBER |
| International Standard Book Number |
9789812455291 |
| 082 ## - DEWEY DECIMAL CLASSIFICATION NUMBER |
| Edition number |
22 |
| Classification number |
728.37 |
| Item number |
BRO |
| 100 ## - MAIN ENTRY--PERSONAL NAME |
| Personal name |
Broto, Carles |
| Dates associated with a name |
1959- |
| 245 #0 - TITLE STATEMENT |
| Title |
Big possibilities in small dimensions |
| 260 ## - PUBLICATION, DISTRIBUTION, ETC. (IMPRINT) |
| Place of publication, distribution, etc |
Singapore |
| Name of publisher, distributor, etc |
Page One Publishing |
| Date of publication, distribution, etc |
2007 |
| 942 ## - ADDED ENTRY ELEMENTS (KOHA) |
| Source of classification or shelving scheme |
|